| 000 | 00343nam a2200133Ia 4500 | ||
|---|---|---|---|
| 008 | 130318s9999 xx 000 0 und d | ||
| 082 | _a346.0482 NAT/C | ||
| 100 | _aNUJS, Calcutta | ||
| 245 | _aCases and materials on copyright | ||
| 260 |
_bNUJS _aCalcutta _c2002 |
||
| 300 | _a202 | ||
| 650 | _aCOPYRIGHT | ||
| 650 | _aINTELLECTUAL PROPERTY RIGHTS | ||
| 999 |
_c709 _d709 |
||